|
|
|
|
| LEADER |
00701nam a2200181Ia 4500 |
| 001 |
165069 |
| 008 |
170722s9999 xx 000 0 und d |
| 020 |
|
|
|a 8183641744
|
| 100 |
|
|
|a Sreedharan, Champad
|
| 245 |
|
|
|a Koodaram /
|
| 260 |
|
|
|a Kozhikode :
|b Mathrubhumi Printing ,
|c 2007.
|
| 300 |
|
|
|a 252 p.
|
| 653 |
|
|
|a Malayalam Literature
|
| 653 |
|
|
|a Novel
|
| 942 |
|
|
|c GEN
|
| 999 |
|
|
|c 141114
|d 141114
|
| 952 |
|
|
|0 0
|1 0
|4 0
|6 O_323NSSSR11K_P7KRP71
|7 0
|9 199496
|a LIB
|b LIB
|d 2017-08-12
|o O32,3NSSSR11,K P7(KR)-P7;1
|p 275292
|r 2017-08-12
|v 125.00
|w 2017-08-12
|y GEN
|
| 952 |
|
|
|0 0
|1 0
|4 0
|6 O_323NSSSR11K_P7KRP71
|7 0
|9 199497
|a LIB
|b LIB
|d 2017-08-12
|l 2
|o O32,3NSSSR11,K P7(KR)-P7;1
|p 275293
|r 2018-11-29
|s 2018-11-12
|v 125.00
|w 2017-08-12
|y GEN
|